<?xml version="1.0" encoding="UTF-8"?>
<collection xmlns="http://www.loc.gov/MARC21/slim">
 <record>
  <leader>01330nam a22002777a 4500</leader>
  <controlfield tag="001">34828</controlfield>
  <controlfield tag="003">BD-DhAAL</controlfield>
  <controlfield tag="005">20250807145814.0</controlfield>
  <controlfield tag="008">190728r20171989bg ||||| |||| 00| 1 ben d</controlfield>
  <datafield tag="020" ind1=" " ind2=" ">
   <subfield code="a">9789848795828</subfield>
  </datafield>
  <datafield tag="040" ind1=" " ind2=" ">
   <subfield code="a">BD-DhAAL</subfield>
   <subfield code="d">BD-DhAAL</subfield>
  </datafield>
  <datafield tag="041" ind1=" " ind2=" ">
   <subfield code="a">ben</subfield>
  </datafield>
  <datafield tag="082" ind1=" " ind2=" ">
   <subfield code="a">891.44371</subfield>
   <subfield code="2">23</subfield>
  </datafield>
  <datafield tag="100" ind1=" " ind2=" ">
   <subfield code="a">আহমেদ, হুমায়ূন</subfield>
   <subfield code="9">33208</subfield>
  </datafield>
  <datafield tag="245" ind1=" " ind2=" ">
   <subfield code="a">নিষাদ /</subfield>
   <subfield code="c">হুমায়ূন আহমেদ.</subfield>
  </datafield>
  <datafield tag="246" ind1=" " ind2=" ">
   <subfield code="a">Nisahad</subfield>
  </datafield>
  <datafield tag="260" ind1=" " ind2=" ">
   <subfield code="a">ঢাকা :</subfield>
   <subfield code="b">অবসর প্রকাশনা সংস্থা,</subfield>
   <subfield code="c">১৯৮৯ [দশম মুদ্রণ ২০১৭].</subfield>
  </datafield>
  <datafield tag="300" ind1=" " ind2=" ">
   <subfield code="a">৭১ পৃষ্ঠা ;</subfield>
   <subfield code="c">২২ সে.মি.</subfield>
  </datafield>
  <datafield tag="526" ind1=" " ind2=" ">
   <subfield code="a">Residential Campus</subfield>
  </datafield>
  <datafield tag="541" ind1=" " ind2=" ">
   <subfield code="a">Development Book Agency</subfield>
   <subfield code="e">34828, 34992</subfield>
  </datafield>
  <datafield tag="650" ind1=" " ind2=" ">
   <subfield code="a">Bengali fiction</subfield>
   <subfield code="z">Bangladesh.</subfield>
   <subfield code="9">33210</subfield>
  </datafield>
  <datafield tag="852" ind1=" " ind2=" ">
   <subfield code="a">Savar Campus Library</subfield>
   <subfield code="c">General Stacks</subfield>
  </datafield>
  <datafield tag="942" ind1=" " ind2=" ">
   <subfield code="2">ddc</subfield>
   <subfield code="c">BK</subfield>
  </datafield>
  <datafield tag="999" ind1=" " ind2=" ">
   <subfield code="c">40913</subfield>
   <subfield code="d">40913</subfield>
  </datafield>
  <datafield tag="952" ind1=" " ind2=" ">
   <subfield code="0">0</subfield>
   <subfield code="1">0</subfield>
   <subfield code="2">ddc</subfield>
   <subfield code="4">0</subfield>
   <subfield code="6">891_443710000000000_AHM</subfield>
   <subfield code="7">0</subfield>
   <subfield code="9">65675</subfield>
   <subfield code="a">BRACUL</subfield>
   <subfield code="b">BRACUL</subfield>
   <subfield code="c">GEN</subfield>
   <subfield code="d">2019-07-17</subfield>
   <subfield code="e">Development Book Agency</subfield>
   <subfield code="g">123.00</subfield>
   <subfield code="l">21</subfield>
   <subfield code="m">107</subfield>
   <subfield code="o">891.44371 AHM</subfield>
   <subfield code="p">3010034992</subfield>
   <subfield code="q">2026-05-17</subfield>
   <subfield code="r">2025-12-06</subfield>
   <subfield code="s">2025-12-06</subfield>
   <subfield code="t">2</subfield>
   <subfield code="v">123.00</subfield>
   <subfield code="w">2019-07-17</subfield>
   <subfield code="y">BK</subfield>
  </datafield>
  <datafield tag="952" ind1=" " ind2=" ">
   <subfield code="0">0</subfield>
   <subfield code="1">0</subfield>
   <subfield code="2">ddc</subfield>
   <subfield code="4">0</subfield>
   <subfield code="6">891_443710000000000_AHM</subfield>
   <subfield code="7">0</subfield>
   <subfield code="9">65845</subfield>
   <subfield code="a">SCL</subfield>
   <subfield code="b">SCL</subfield>
   <subfield code="c">GEN</subfield>
   <subfield code="d">2019-07-24</subfield>
   <subfield code="e">Development Book Agency</subfield>
   <subfield code="g">123.00</subfield>
   <subfield code="l">24</subfield>
   <subfield code="m">19</subfield>
   <subfield code="o">891.44371 AHM</subfield>
   <subfield code="p">3020034828</subfield>
   <subfield code="r">2025-10-28</subfield>
   <subfield code="s">2025-10-27</subfield>
   <subfield code="t">1</subfield>
   <subfield code="v">123.00</subfield>
   <subfield code="w">2019-07-24</subfield>
   <subfield code="y">BK</subfield>
  </datafield>
 </record>
</collection>
